Drought impacts in rainfed agriculture risk assessment and identification of mitigration options : μεταπτυχιακή διατριβή

Στόχος της παρούσας μελέτης είναι να ο προσδιορισμός της συσχέτισης μεταξύ των δεικτών ξηρασίας και της ξηρικής γεωργικής παραγωγής. Μία ανάλυση κινδύνου παρουσιάζεται ώστε να γίνει κατανοητός ο κίνδυνος της ξηρασίας και να αξιολογηθούν οι οικονομικές επιπτώσεις στις ξηρικές καλλιέργειες. Έπειτα από...

Πλήρης περιγραφή

Αποθηκεύτηκε σε:
Λεπτομέρειες βιβλιογραφικής εγγραφής
Κύριος συγγραφέας: Τζιάννη, Μυρτώ
Συγγραφή απο Οργανισμό/Αρχή: Πανεπιστήμιο Αιγαίου. Σχολή Θετικών Επιστημών. Τμήμα Στατιστικής και Αναλογιστικών-Χρηματοοικονομικών Μαθηματικών. Μεταπτυχιακό Πρόγραμμα Στατιστική και Αναλογιστικά - Χρηματοοικονομικά Μαθηματικά
Μορφή: Thesis Βιβλίο
Γλώσσα:English
Δημοσίευση: 2016.
Θέματα:
Διαθέσιμο Online:http://hdl.handle.net/11610/17903
Ετικέτες: Προσθήκη ετικέτας
Δεν υπάρχουν, Καταχωρήστε ετικέτα πρώτοι!

MARC

LEADER 00000cam a2200000 a 4500
001 1/113747
008 170428s2016####gr | ||| |||| ||eng||
040 |a GR-MyUa  |b gre  |c GR-MyUa  |e AACR2 
041 0 |a eng 
082 7 |a 631.586   |2 (23)  
100 1 |a Τζιάννη, Μυρτώ. 
245 1 0 |a Drought impacts in rainfed agriculture risk assessment and identification of mitigration options :   |b μεταπτυχιακή διατριβή /   |c Myrto Tzianni ; επιβλέπων καθηγητής Δημήτρης-Φραγκίσκος Λέκκας. 
260 |c 2016.  
300 |a 118 σ. :   |b σχέδια, διάγρ., πιν. ;   |c 30 εκ.  
500 |a Μέλη της εξεταστικής επιτροπής: Λέκκας Δημήτρης-Φραγκίσκος, Καραγρηγορίου Αλέξανδρος, Αθανάσιος Ρακιτζής.  
502 |a Διατριβή (μεταπτυχιακή) - Πανεπιστήμιο Αιγαίου, Σάμος, 2016.  
504 |a Βιβλιογραφία: σ. 116-118.  
506 1 |a Διάθεση πλήρους κειμένου ;   |d Ενδοπανεπιστημιακή δημοσίευση.  
520 8 |a Στόχος της παρούσας μελέτης είναι να ο προσδιορισμός της συσχέτισης μεταξύ των δεικτών ξηρασίας και της ξηρικής γεωργικής παραγωγής. Μία ανάλυση κινδύνου παρουσιάζεται ώστε να γίνει κατανοητός ο κίνδυνος της ξηρασίας και να αξιολογηθούν οι οικονομικές επιπτώσεις στις ξηρικές καλλιέργειες. Έπειτα από την ανάλυση ιστορικών δεδομένων (1955-2001) της βροχόπτωσης και θερμοκρασίας σε 15 μετεωρολογικούς σταθμούς στην Ελλάδα , παρατηρείται μια αδύναμη συσχέτιση μεταξύ των δύο τιμών, καθοδηγούμενη όμως από την εποχιακή διακύμανση. Για τον προσδιορισμό των γεγονότων ξηρασίας, χρησιμοποιούνται οι δείκτες Standardized Precipitation Index (SPI) και Reconnaissance Drought Index (RDI) . Τα αποτελέσματα δείχνουν ότι η ομαδοποίηση είναι δυνατή σε Βόρεια, Δυτική και Νότια Ελλάδα. Oι δύο δείκτες παρουσιάζουν μια παρόμοια συμπεριφορά, με τον RDI να είναι πιο αποτελεσματικός σε σύντομες χρονικές περιόδους, ενώ για μεγάλες συνιστάται ο SPI. Τέλος, αξιολογούνται οι επιπτώσεις της ξηρασίας στιην ξηρική παραγωγή με τη χρήση ενός οικονομετρικού μοντέλου. Η λογαριθμική μετατροπή από το γραμμικό μοντέλο έγινε για τον ακριβέστερο προσδιορισμό του μεγέθους των οικονομικών απωλειών που προκύπτουν κάτω υπό κανονικές συνθήκες."  
520 8 |a The aim of this study is to identify the correlation between drought indices and Rainfed Agricultural Production. Furthermore, a risk analysis is presented to understand drought risks and evaluate the economic impacts of a drought event on rainfed Agriculture. Analysis of historical data (1955-2001) of precipitation and temperature at 15 meteorological stations in Greece shows that there is a weak correlation between the two values, led by the seasonal variation. Drought Indices, Standardized Precipitation Index (SPI) and Reconnaissance Drought Index (RDI) are used for identification of drought events. The results show, that the main grouping is within North, West and South Greece. Both indices exhibit an overall similar behavior, however in short term periods RDI is more effective, while for long SPI is recommended. The impact of drought on rainfed production is evaluated using an econometric model. A log transformation in a linear model fitted to determine the magnitude of the economic losses under the scenario of normal conditions.  
540 |a Κλειδωμένη η δυνατότητα αντιγραφής (copy) του κειμένου.  
650 0 |a Dissertations, Academic  |z Greece. 
650 0 |a Droughts. 
650 0 |a Dry farming. 
700 1 |a Λέκκας, Δημήτριος-Φραγκίσκος Θ.  |e dgs 
710 2 |a Πανεπιστήμιο Αιγαίου.   |b Σχολή Θετικών Επιστημών.   |b Τμήμα Στατιστικής και Αναλογιστικών-Χρηματοοικονομικών Μαθηματικών.   |b Μεταπτυχιακό Πρόγραμμα Στατιστική και Αναλογιστικά - Χρηματοοικονομικά Μαθηματικά. 
852 |a INST  |b SAMOS  |c DIATR  |e 20170428  |h 631.586 ΤΖΙ  |p 005300044515  |q 005300044515  |t MTXE  |y 23 
856 |u http://hdl.handle.net/11610/17903 
924 |a Τζιάννη  |b Μυρτώ  |y Σάμος  |z 2016-10 
970 |a Κοσιέρης  |b Χρήστος  |z 28-04-2017